[Event "45th Sparkassen Open"]
[Site "Dortmund GER"]
[Date "2017.07.16"]
[Round "2.10"]
[White "Bomans, Arno"]
[Black "Koellner, Ruben Gideon"]
[Result "1/2-1/2"]
[WhiteTitle "FM"]
[WhiteElo "2250"]
[BlackElo "2078"]
[WhiteFideId "206024"]
[BlackFideId "12993093"]
[EventDate "2017.07.15"]

1. Nf3 d6 2. d4 Nf6 3. c4 g6 4. Nc3 Bf5 5. d5 e5 6. Nd2 Bh6 7. h3 O-O 8. g4 Bc8
9. Nf3 Bxc1 10. Qxc1 Kg7 11. Bg2 a5 12. Qe3 Na6 13. Nd2 Nc5 14. Bf3 Ng8 15. g5
f5 16. gxf6+ Qxf6 17. Bg4 Nh6 18. Nde4 1/2-1/2

[Event "45th Sparkassen Open"]
[Site "Dortmund GER"]
[Date "2017.07.16"]
[Round "2.11"]
[White "Happe, Ulrich"]
[Black "Steinle, Carsten"]
[Result "1-0"]
[WhiteElo "2064"]
[BlackElo "2237"]
[WhiteFideId "24683175"]
[BlackFideId "24676462"]
[EventDate "2017.07.15"]

1. e4 e6 2. d4 d5 3. exd5 exd5 4. Bd3 Bd6 5. Ne2 Nc6 6. c3 Nge7 7. Qc2 Ng6 8. g3
Bh3 9. Be3 Qf6 10. Nd2 O-O-O 11. O-O-O Rhe8 12. Rhe1 Kb8 13. Ng1 Bg4 14. f3 Bc8
15. Nf1 Nge7 16. Qd2 h6 17. g4 g5 18. h4 gxh4 19. Bxh6 Rg8 20. Be3 Rde8 21. Kb1
Be6 22. Qg2 Rh8 23. Nh3 Reg8 24. Nd2 Bf5 25. Qe2 Bxd3+ 26. Qxd3 Bg3 27. Rh1 Nd8
28. Rdf1 Qd6 29. Bf2 Ne6 30. Rfg1 Bxf2 31. Nxf2 Nf4 32. Qe3 Neg6 33. Qe1 Re8 34.
Qd1 Re2 35. Nd3 h3 36. Re1 Rxe1 37. Nxe1 Re8 38. Nc2 Nd3 39. Qg1 Ngf4 40. Rh2
Ne2 41. Qh1 Qb6 42. Nb3 a5 43. Rxh3 a4 44. Rh8 Rxh8 45. Qxh8+ Ka7 46. Qf8 axb3
47. Qa3+ Qa6 48. Qxb3 c6 49. a4 Qb6 50. Qa3 Qc7 51. Ne3 Qh2 52. Nd1 Qh1 53. Kc2
Qxf3 54. a5 Nec1 55. Qe7 Qg2+ 56. Kb1 Qf1 57. Qc7 Qf6 58. b4 Ne2 59. a6 Nxc3+
60. Ka1 Nc5 61. bxc5 1-0

[Event "45th Sparkassen Open"]
[Site "Dortmund GER"]
[Date "2017.07.16"]
[Round "2.12"]
[White "Holtel, Jasper"]
[Black "Ramien, David"]
[Result "1-0"]
[WhiteTitle "FM"]
[WhiteElo "2229"]
[BlackElo "2070"]
[WhiteFideId "12956376"]
[BlackFideId "12948241"]
[EventDate "2017.07.15"]

1. e4 e5 2. Nf3 Nc6 3. Bc4 Bc5 4. O-O Nf6 5. d3 d6 6. c3 a6 7. Re1 Ba7 8. Bb3 h6
9. Nbd2 O-O 10. h3 Nh5 11. Nf1 Qf6 12. Be3 Nf4 13. d4 Re8 14. Ng3 g6 15. Bxf4
Qxf4 16. Nf5 1-0

[Event "45th Sparkassen Open"]
[Site "Dortmund GER"]
[Date "2017.07.16"]
[Round "2.13"]
[White "Wuebker, Paul-Luca"]
[Black "Wiebe, Patrick"]
[Result "0-1"]
[WhiteElo "2042"]
[BlackElo "2229"]
[WhiteFideId "12939528"]
[BlackFideId "4684079"]
[EventDate "2017.07.15"]

1. d4 f5 2. c4 Nf6 3. Nc3 e6 4. e3 d5 5. Bd3 c6 6. Nf3 Bd6 7. O-O O-O 8. Rb1 Ne4
9. Ne2 Nd7 10. b4 Qf6 11. Qa4 g5 12. c5 Bc7 13. b5 e5 14. bxc6 bxc6 15. Bb2 Qh6
16. Bxe4 fxe4 17. Nxe5 Nxe5 18. dxe5 a5 19. Ng3 Ba6 20. Qd4 Rae8 21. f4 Re6 22.
Qd2 Bxf1 23. Rxf1 gxf4 24. exf4 Bxe5 25. Bc1 Bg7 26. Ne2 Qh5 27. Qc2 d4 28. Ng3
Qd5 29. f5 Ree8 30. Qe2 Kh8 31. Nh5 Rxf5 32. Nxg7 Rxf1+ 33. Kxf1 Qf7+ 34. Kg1
Qxg7 35. Bb2 Qe5 36. Qc4 Rd8 37. Qf7 e3 38. Kf1 Qg7 39. Qe6 Qf8+ 40. Ke2 Qf2+
41. Kd3 Qd2+ 42. Kc4 Qc2+ 0-1

[Event "45th Sparkassen Open"]
[Site "Dortmund GER"]
[Date "2017.07.16"]
[Round "2.14"]
[White "Wilke, Werner"]
[Black "Lewin, Tammo"]
[Result "1-0"]
[WhiteElo "2225"]
[BlackElo "2040"]
[WhiteFideId "1600826"]
[BlackFideId "4668596"]
[EventDate "2017.07.15"]

1. e4 c5 2. Nf3 e6 3. g3 d5 4. exd5 exd5 5. Bg2 Nc6 6. O-O Bd6 7. d4 Nge7 8.
dxc5 Bxc5 9. Re1 O-O 10. Nbd2 d4 11. a3 a6 12. b4 Ba7 13. Bb2 Bg4 14. h3 Bf5 15.
Nb3 d3 16. c3 Qd7 17. g4 Be6 18. Nbd4 Bc4 19. a4 Nxd4 20. Ne5 Qc7 21. cxd4 Bd5
22. Nxd3 Bxg2 23. Kxg2 Rad8 24. Rc1 Qd6 25. Qf3 Ng6 26. Kg1 f5 27. Nc5 Bb8 28.
Re5 Nxe5 29. dxe5 Qd7 30. Qb3+ Qd5 31. Qxd5+ Rxd5 32. e6 fxg4 33. hxg4 Ba7 34.
Ne4 Re8 35. Rc7 Bd4 36. Rd7 Re5 37. Rxd4 R5xe6 38. f3 Rg6 39. Rd7 h5 40. g5 b5
41. axb5 axb5 42. Kf2 Kf8 43. Bd4 Rxe4 44. fxe4 Rxg5 45. Kf3 Rg4 46. Rd5 g5 47.
Be3 1-0

[Event "45th Sparkassen Open"]
[Site "Dortmund GER"]
[Date "2017.07.16"]
[Round "2.15"]
[White "Melde, Benjamin"]
[Black "Kartsev, Soel"]
[Result "1-0"]
[WhiteElo "1912"]
[BlackElo "2220"]
[WhiteFideId "12958816"]
[BlackFideId "4130561"]
[EventDate "2017.07.15"]

1. c4 e5 2. g3 Nf6 3. Bg2 c6 4. d4 e4 5. Nc3 d5 6. f3 Bb4 7. Bg5 Bf5 8. Qb3
Bxc3+ 9. bxc3 Nbd7 10. Qxb7 O-O 11. c5 Qa5 12. Qb4 Qa6 13. Qb2 Rfe8 14. Kf2 h6
15. Be3 Re7 16. Nh3 Rb8 17. Qd2 Nf8 18. Bf4 exf3 19. exf3 Rbe8 20. Rhe1 Ng6 21.
Bd6 Rb7 22. a4 Rxe1 23. Kxe1 Rb3 24. Nf2 Qb7 25. Nd1 a5 26. Bf1 Qc8 27. Kf2 Ne8
28. Bf4 Nxf4 29. Qxf4 Bc2 30. Qe3 Nf6 31. Bd3 Bxd1 32. Rxd1 Qb8 33. Re1 Ra3 34.
Bc2 Ra2 35. Re2 Kh8 36. Kg2 Ra3 37. Qd3 g6 38. h4 h5 39. Qe3 Qd8 40. Qh6+ Nh7
41. Bxg6 fxg6 42. Qxg6 Nf6 43. Qh6+ Kg8 44. Qg6+ Kf8 45. Re6 Ne8 46. Qf5+ Kg8
47. Rg6+ Ng7 48. Qe6+ 1-0

[Event "45th Sparkassen Open"]
[Site "Dortmund GER"]
[Date "2017.07.16"]
[Round "2.16"]
[White "Luft, Dennis"]
[Black "Dannehr, Juergen"]
[Result "1-0"]
[WhiteElo "2219"]
[BlackElo "1845"]
[WhiteFideId "24623717"]
[BlackFideId "16211758"]
[EventDate "2017.07.15"]

1. e4 c5 2. d3 Nc6 3. f4 e6 4. Nf3 d5 5. Qe2 Nf6 6. e5 Nd7 7. g3 Be7 8. Bg2 b5
9. O-O g6 10. Nc3 Qb6 11. Kh1 d4 12. Ne4 Bb7 13. a4 a6 14. axb5 axb5 15. Rxa8+
Bxa8 16. Bd2 Bb7 17. Re1 O-O 18. g4 c4 19. Qf2 cxd3 20. cxd3 Nb4 21. Bxb4 Bxb4
22. Rd1 Bxe4 23. dxe4 Bc5 24. Qh4 Ra8 25. Ng5 Nf8 26. f5 d3 27. Qh6 1-0

[Event "45th Sparkassen Open"]
[Site "Dortmund GER"]
[Date "2017.07.16"]
[Round "2.17"]
[White "Runte, Moritz"]
[Black "Koellner, Christof"]
[Result "1/2-1/2"]
[WhiteElo "1862"]
[BlackElo "2131"]
[WhiteFideId "12991449"]
[BlackFideId "4635787"]
[EventDate "2017.07.15"]

1. e4 d6 2. d4 Nf6 3. Nc3 e5 4. Nf3 Nbd7 5. Bc4 Be7 6. O-O c6 7. a4 Qc7 8. h3 h6
9. Re1 Nf8 10. Qd3 g5 11. Bb3 Ne6 12. Be3 Rg8 13. Rad1 Nh5 14. d5 Nef4 15. Qc4
g4 16. Nxe5 Bf6 17. Nb5 Qe7 18. Nxc6 1/2-1/2

[Event "45th Sparkassen Open"]
[Site "Dortmund GER"]
[Date "2017.07.16"]
[Round "2.18"]
[White "Lehmann, Holger"]
[Black "Oezen, Alf"]
[Result "1-0"]
[WhiteElo "2188"]
[BlackElo "1981"]
[WhiteFideId "4620275"]
[BlackFideId "12985430"]
[EventDate "2017.07.15"]

1. c4 c5 2. Nf3 Nf6 3. d4 cxd4 4. Nxd4 Nc6 5. Nc3 d6 6. e4 Bd7 7. Be2 g6 8. Be3
Bg7 9. f3 O-O 10. Qd2 a6 11. O-O Rb8 12. Rfd1 Nxd4 13. Bxd4 Bc6 14. Ba7 Ra8 15.
Be3 Re8 16. Rab1 Qb8 17. b4 b5 18. a4 bxc4 19. Bxc4 Rc8 20. Bxa6 Bxa4 21. Bxc8
Bxd1 22. Rxd1 Qxc8 23. Qd3 Nd7 24. Nd5 Kf8 25. b5 Nc5 26. Qc2 Rb8 27. Qc4 Nb7
28. Qb4 Qd7 29. h3 e6 30. Nb6 Qc7 31. Rc1 Nc5 32. Na4 Ke8 33. Nxc5 dxc5 34. Rxc5
Qd7 35. Qc4 Bf8 36. Rc7 Qd1+ 37. Kf2 Bd6 38. Qc6+ Kf8 39. Bh6+ Kg8 40. Rc8+ Bf8
41. Rxb8 1-0

[Event "45th Sparkassen Open"]
[Site "Dortmund GER"]
[Date "2017.07.16"]
[Round "2.19"]
[White "Hiller, Simon"]
[Black "Kagan, Dennis"]
[Result "1-0"]
[WhiteElo "2165"]
[BlackElo "1902"]
[WhiteFideId "24641308"]
[BlackFideId "12983578"]
[EventDate "2017.07.15"]

1. Nf3 Nf6 2. c4 e6 3. g3 d5 4. Bg2 Be7 5. O-O O-O 6. b3 c5 7. e3 Nc6 8. Bb2 b6
9. d4 cxd4 10. exd4 Ba6 11. Qe2 Rc8 12. Nbd2 dxc4 13. bxc4 Bb4 14. Nb3 Qe7 15.
Rfd1 Nd5 16. Rac1 Ba3 17. Qc2 Bxb2 18. Qxb2 Nf6 19. d5 exd5 20. cxd5 Nb4 21. Ne5
Rfe8 22. Nc6 Nxc6 23. dxc6 Qb4 24. Qd4 Qe7 25. Qa4 Be2 26. Re1 Ng4 27. Qf4 g5
28. Qd2 Rcd8 29. Qxe2 Qxe2 30. Rxe2 Rxe2 31. Bf3 Re7 32. Bxg4 1-0

[Event "45th Sparkassen Open"]
[Site "Dortmund GER"]
[Date "2017.07.16"]
[Round "2.20"]
[White "Tueckmantel, Rene"]
[Black "Kasueschke, Lars"]
[Result "1-0"]
[WhiteElo "2130"]
[BlackElo "1916"]
[WhiteFideId "24618012"]
[BlackFideId "12939510"]
[EventDate "2017.07.15"]

1. e4 c5 2. Nc3 e6 3. g3 Nc6 4. Bg2 Nf6 5. Nge2 a6 6. O-O Qc7 7. d3 d6 8. h3 b5
9. a3 Bb7 10. Be3 Be7 11. f4 h5 12. Qd2 Rd8 13. Rae1 e5 14. Nd5 Nxd5 15. exd5
Nd4 16. c3 Nf5 17. Bf2 g6 18. c4 O-O 19. g4 hxg4 20. hxg4 Nd4 21. Bxd4 exd4 22.
f5 Bh4 23. f6 Kh7 24. Rf3 Rh8 25. Ng3 Rde8 26. Rxe8 Rxe8 27. Ne4 Rh8 28. Qf4 Bc8
29. Rh3 Kg8 30. Qh2 Qa5 31. b4 Qxa3 32. Rxh4 Qc1+ 33. Bf1 Qe3+ 34. Nf2 Rxh4 35.
Qxh4 cxb4 36. g5 Qe8 1-0

[Event "45th Sparkassen Open"]
[Site "Dortmund GER"]
[Date "2017.07.16"]
[Round "2.21"]
[White "Jacobi, Niklas"]
[Black "Sandten, Ulrich"]
[Result "0-1"]
[WhiteElo "1933"]
[BlackElo "2064"]
[WhiteFideId "16244079"]
[BlackFideId "4644930"]
[EventDate "2017.07.15"]

1. e4 d6 2. d4 Nf6 3. Nc3 e5 4. dxe5 dxe5 5. Qxd8+ Kxd8 6. Bc4 Be6 7. Bxe6 fxe6
8. Nf3 Bd6 9. h3 Ke7 10. Be3 Nbd7 11. a3 a6 12. O-O-O b5 13. b4 Rhb8 14. Kd2 Nb6
15. Bxb6 Rxb6 16. Ne1 c5 17. Nd3 c4 18. Nb2 a5 19. bxa5 Rxa5 20. a4 Bb4 0-1

[Event "45th Sparkassen Open"]
[Site "Dortmund GER"]
[Date "2017.07.16"]
[Round "2.22"]
[White "Kartsev, Nikolaj"]
[Black "Sondermann, Dirk"]
[Result "0-1"]
[WhiteElo "1827"]
[BlackElo "2041"]
[WhiteFideId "12939536"]
[BlackFideId "4658116"]
[EventDate "2017.07.15"]

1. e4 e6 2. d4 d5 3. e5 c5 4. c3 Nc6 5. Nf3 Nh6 6. Bxh6 gxh6 7. a3 Bd7 8. Nbd2
cxd4 9. cxd4 Qb6 10. Qb3 Nxd4 11. Qxb6 Nxf3+ 12. Nxf3 axb6 13. Bd3 Rc8 14. O-O
Bg7 15. Rfe1 O-O 16. Nd4 f6 17. f4 fxe5 18. fxe5 Rf4 19. Ne2 Rg4 20. Rac1 Rxc1
21. Nxc1 Rg5 22. Re2 Bxe5 23. Nb3 Bd6 24. Nd2 Re5 25. Rxe5 Bxe5 26. b3 Bc3 27.
Nb1 Bd4+ 28. Kf1 e5 29. a4 e4 30. Bc2 Kg7 31. h3 h5 32. Ke2 Kf6 33. Nd2 Ke5 34.
Nf1 h4 35. Nd2 Be8 36. Nb1 Bh5+ 37. Kf1 Bg6 38. Nd2 Bc3 39. Nb1 Bb4 40. Ke2 d4
41. Kf1 Bh5 42. g4 hxg3 43. a5 bxa5 44. h4 d3 45. Bxd3 exd3 46. Kg2 Kf4 47. Kh3
Bd1 48. h5 Bc2 49. Nd2 Bxd2 50. b4 Kf3 51. bxa5 g2 52. a6 g1=Q 53. axb7 Qg3# 0-1

[Event "45th Sparkassen Open"]
[Site "Dortmund GER"]
[Date "2017.07.16"]
[Round "2.23"]
[White "Schuelke, Tilman"]
[Black "Henrichs, Thomas"]
[Result "0-1"]
[BlackTitle "IM"]
[WhiteElo "1973"]
[BlackElo "2491"]
[WhiteFideId "4647475"]
[BlackFideId "4626605"]
[EventDate "2017.07.15"]

1. d4 Nf6 2. c3 g6 3. Bf4 Bg7 4. h3 d6 5. Nf3 O-O 6. e3 Nfd7 7. Bc4 e5 8. Bh2
Nc6 9. Nbd2 Qe7 10. O-O Kh8 11. b4 f5 12. Nb3 Nd8 13. Nfd2 Nb6 14. Re1 Nxc4 15.
Nxc4 Be6 16. Ncd2 Nf7 17. Rc1 b6 18. c4 c5 19. bxc5 dxc5 20. dxc5 bxc5 21. Qe2
Rab8 22. e4 f4 23. f3 g5 24. Nb1 h5 25. Nc3 g4 26. hxg4 hxg4 27. fxg4 Rbc8 28.
Nd5 Qg5 29. Nd2 Bxg4 30. Nf3 Qh5 31. Qf2 Rc6 32. Kf1 Ng5 33. Rc3 Rb8 34. Bg1
Nxf3 35. gxf3 Bh3+ 0-1

[Event "45th Sparkassen Open"]
[Site "Dortmund GER"]
[Date "2017.07.16"]
[Round "2.24"]
[White "Boesel, Alexander"]
[Black "Zill, Christoph"]
[Result "1/2-1/2"]
[BlackTitle "FM"]
[WhiteElo "1963"]
[BlackElo "2213"]
[WhiteFideId "4623185"]
[BlackFideId "4688856"]
[EventDate "2017.07.15"]

1. e4 e6 2. d4 d5 3. Nd2 Nf6 4. e5 Nfd7 5. Bd3 c5 6. c3 cxd4 7. cxd4 Nc6 8. Ne2
f6 9. exf6 Nxf6 10. Nf3 Bd6 11. O-O O-O 12. Bf4 Nh5 13. Bxd6 Qxd6 14. Re1 Nf4
15. Nxf4 Qxf4 16. Rc1 g6 17. Bb1 Bd7 18. Rc3 Rf7 19. Rce3 Raf8 20. R1e2 Kg7 21.
a3 Qg4 22. h3 Qh5 23. Qd3 Rf4 24. b4 a6 25. Rd2 Bc8 26. Qc3 Bd7 27. a4 Rc8 28.
Qa3 b5 29. axb5 axb5 30. Kh2 Rcf8 31. Qc3 Kg8 32. Bc2 Qh6 33. Bd1 Qg7 34. Kg1
Rc8 35. Qb2 Qe7 36. Rb3 Qd6 37. Be2 Qb8 38. Bf1 Qb6 39. g3 Rf6 40. Re3 Ra8 41.
Ra3 Ra4 42. Rb3 Rf8 43. Kg2 Rfa8 44. Qc3 Be8 45. Rdb2 Kg7 1/2-1/2

[Event "45th Sparkassen Open"]
[Site "Dortmund GER"]
[Date "2017.07.16"]
[Round "2.25"]
[White "Biermann, Florian"]
[Black "Goossens, Hanne"]
[Result "0-1"]
[BlackTitle "WFM"]
[WhiteElo "1939"]
[BlackElo "2175"]
[WhiteFideId "12970069"]
[BlackFideId "200468"]
[EventDate "2017.07.15"]

1. c4 f5 2. Nc3 Nf6 3. g3 d6 4. Bg2 e5 5. d3 g6 6. e4 Nc6 7. Nge2 Bg7 8. O-O O-O
9. Nd5 Be6 10. Bg5 Qd7 11. Qd2 Nh5 12. exf5 Bxf5 13. b4 Rae8 14. b5 Nd8 15. Rab1
e4 16. Bxd8 Qxd8 17. Nef4 Bh6 18. dxe4 Nxf4 19. Nxf4 Bxf4 20. gxf4 Be6 21. Rbc1
Qh4 22. c5 Rd8 23. cxd6 Rxd6 24. Qb2 Rd7 25. Rfd1 Rxd1+ 26. Rxd1 Qxf4 27. Qd4
Bxa2 28. Ra1 Be6 29. Rxa7 Qg5 30. h4 Qxh4 31. Rxb7 Rd8 32. Qe5 Rd1+ 33. Bf1 Qg4+
34. Qg3 Qxg3+ 35. fxg3 Bc4 36. Rxc7 Bxb5 37. Rc8+ Kg7 38. Rc7+ Kf6 39. e5+ Ke6
40. Rxh7 Rxf1+ 41. Kg2 Kxe5 42. Rg7 Kf6 43. Rg8 Rb1 44. Rf8+ Kg5 45. Rf4 Rb2+
46. Kg1 Bc6 0-1

[Event "45th Sparkassen Open"]
[Site "Dortmund GER"]
[Date "2017.07.16"]
[Round "2.26"]
[White "Boecker, Juergen"]
[Black "Buechle, Manfred"]
[Result "1/2-1/2"]
[WhiteElo "1930"]
[BlackElo "2118"]
[WhiteFideId "12915904"]
[BlackFideId "4659368"]
[EventDate "2017.07.15"]

1. e4 c5 2. Nc3 Nc6 3. f4 d6 4. Bb5 a6 5. Bxc6+ bxc6 6. Nf3 Nf6 7. d3 e6 8. O-O
Be7 9. Qe1 O-O 10. b3 Nd7 11. Bd2 Qc7 12. e5 d5 13. Nd1 Re8 14. Kh1 Nf8 15. Nb2
f5 16. c4 Nd7 17. Rc1 Qa7 18. Rg1 Kh8 19. g4 Nf8 20. g5 Rd8 21. Rg3 Bd7 22. Ba5
Rdc8 23. Rh3 Be8 24. Qf2 d4 25. Rf1 Ng6 26. Nh4 Kg8 27. Na4 Rab8 28. Bd2 Bf8 29.
Bc1 Rd8 30. Ba3 a5 31. Qf3 Nxh4 32. Rxh4 g6 33. Rh3 Rb4 34. Rg3 Rc8 35. h4 Rb7
36. Kh2 Rcc7 37. Kg2 Rg7 38. Kf2 Rgc7 39. Rh3 Rg7 1/2-1/2

[Event "45th Sparkassen Open"]
[Site "Dortmund GER"]
[Date "2017.07.16"]
[Round "2.27"]
[White "Althoff, Ralph"]
[Black "Seref, Serkan"]
[Result "1-0"]
[WhiteElo "2071"]
[BlackElo "1910"]
[WhiteFideId "4623177"]
[BlackFideId "16205561"]
[EventDate "2017.07.15"]

1. e4 c5 2. Nf3 e6 3. c4 Nc6 4. Nc3 a6 5. d4 cxd4 6. Nxd4 Qc7 7. Be3 Nf6 8. Be2
Be7 9. O-O O-O 10. Rc1 d6 11. Nd5 Qd8 12. Nxe7+ Qxe7 13. Bf3 Ne5 14. Qe2 Bd7 15.
Rfd1 Rfd8 16. g3 Nxf3+ 17. Qxf3 Rac8 18. Bd2 Bc6 19. Nxc6 Rxc6 20. b3 Nd7 21.
Qe2 h6 22. Ba5 b6 23. Bc3 Rdc8 24. Bb2 Nc5 25. Rc2 Nb7 26. Rcd2 Nc5 27. h4 e5
28. Ba3 Nb7 29. Rd5 Qe6 30. Kg2 Rf8 31. Qd3 Rd8 32. Qd2 Kf8 33. Bb2 f6 34. Qe2
Rc5 35. Ba3 Rc6 36. Qh5 Qf7 37. Qg4 Qd7 38. Qg6 Qf7 39. Qh7 Ke7 40. Qf5 Qe6 41.
Qf3 Rf8 42. Qc3 h5 43. Bc1 Rfc8 44. Be3 Nc5 45. Qc2 Nb7 46. Qe2 g6 47. f3 Nc5
48. Qf2 f5 49. Bg5+ Kd7 50. b4 Nb7 51. f4 exf4 52. e5 fxg3 53. Kxg3 f4+ 54. Kh2
Qg4 55. e6+ Ke8 56. Rg1 Qxg1+ 57. Kxg1 Rxc4 58. Bxf4 Ke7 59. Bg5+ Kxe6 60. Rd1
Rc2 61. Qxb6 R8c3 62. Qxb7 Rg3+ 63. Kf1 Rcc3 1-0

[Event "45th Sparkassen Open"]
[Site "Dortmund GER"]
[Date "2017.07.16"]
[Round "2.28"]
[White "Schmitz, Edgar"]
[Black "Belz, Frank-Martin"]
[Result "1/2-1/2"]
[WhiteElo "1909"]
[BlackElo "2029"]
[WhiteFideId "24675270"]
[BlackFideId "12941026"]
[EventDate "2017.07.15"]

1. e4 c6 2. d4 d5 3. f3 e6 4. Nc3 Nf6 5. e5 Nfd7 6. f4 c5 7. Nf3 Nc6 8. Be3 cxd4
9. Nxd4 a6 10. Qd2 Bb4 11. a3 Qa5 12. Nb3 Bxc3 13. bxc3 Qc7 14. Bd3 b6 15. Qf2
Ne7 16. O-O g6 17. Bd4 h5 18. a4 a5 19. Bb5 Nc6 20. Qe2 Bb7 21. Rf3 Qc8 22. Bf2
Ba6 23. Rb1 Bxb5 24. Qxb5 Na7 25. Qd3 Qc6 26. Nd4 Qxa4 27. Nxe6 fxe6 28. Qxg6+
Kd8 29. Qxe6 Qc6 30. Qf5 Kc7 31. e6 Raf8 32. Qd3 Nc5 33. Bxc5 Qxc5+ 34. Kh1 Nc6
35. Re1 a4 36. f5 Rf6 37. Rg3 Rh7 38. Rg8 Ne7 39. Qa6 Qa5 40. Ra8 Qxa6 41. Rxa6
Rxf5 42. Rxa4 Nc6 43. h3 Kd6 44. c4 d4 45. Ra3 Re5 46. Rb1 Rb7 47. Rab3 Kxe6 48.
Rb5 Kd6 49. Rd1 Rc5 50. c3 Rxc4 51. cxd4 Rxd4 52. Rdb1 Rd5 53. Rxb6 Rxb6 54.
Rxb6 Kc5 55. Rb7 h4 56. Rg7 Rd1+ 57. Kh2 Ne5 58. g3 Rd2+ 59. Kg1 Nf3+ 60. Kf1
Nh2+ 61. Kg1 Nf3+ 62. Kf1 1/2-1/2

[Event "45th Sparkassen Open"]
[Site "Dortmund GER"]
[Date "2017.07.16"]
[Round "2.29"]
[White "Kolakovic, Klaudio"]
[Black "Klueting, Reiner"]
[Result "1/2-1/2"]
[WhiteElo "2017"]
[BlackElo "1907"]
[WhiteFideId "24645800"]
[BlackFideId "4644760"]
[EventDate "2017.07.15"]

1. d4 Nf6 2. c4 e5 3. dxe5 Ng4 4. e4 Nxe5 5. f4 Nec6 6. Be3 Na6 7. Nc3 Bc5 8.
Qd2 d6 9. O-O-O f6 10. Nf3 Bg4 11. h3 Bxf3 12. gxf3 Qe7 13. Nd5 Bxe3 14. Qxe3
Qf7 15. h4 Ne7 16. Bh3 O-O 17. Rhg1 c6 18. Nc3 Qxc4 19. Rxd6 Qc5 20. Qxc5 Nxc5
21. b4 Na6 22. Rd7 Rfe8 23. Rxb7 Rab8 24. Rxb8 Rxb8 25. a3 Ng6 26. Be6+ Kf8 27.
Rg4 Rd8 28. Bc4 Nc7 29. h5 Ne7 30. Rg1 Rd4 31. Be2 Ne6 32. Rg4 Kf7 33. Bd1 f5
34. Rh4 Rc4 35. Kd2 Rd4+ 36. Ke3 Rd6 37. Bb3 g6 38. Na4 Kg7 39. Bxe6 Rxe6 40.
Nc5 Rd6 41. hxg6 Rxg6 42. Rh2 h6 43. Rd2 fxe4 44. Rd7 Kf8 45. fxe4 Rg3+ 46. Kd4
Rxa3 47. f5 a5 48. bxa5 Rxa5 49. Ne6+ Kf7 50. Nf4 Ke8 51. Rd6 Rxf5 52. Ke3 Ra5
53. Rxh6 Kd7 54. Nd3 Ra3 55. Kd4 Ra4+ 56. Kc3 Ra3+ 57. Kc4 Ra2 58. Nc5+ Ke8 59.
Kd4 Kf7 60. Rh7+ Kf8 61. Ke5 Ra7 62. Ne6+ Ke8 63. Nc5 Ng6+ 64. Kf6 Rxh7 65. Kxg6
Rf7 66. Nd3 Ke7 67. Ne5 Rf6+ 68. Kg5 c5 69. Ng4 Rf1 70. Ne3 Rf7 71. Nc4 Ke6 72.
Kg4 Rf1 73. Kg3 Kd7 74. Ne3 Rf8 75. Nf5 c4 76. Kf3 Ke6 77. Ke3 Ke5 78. Nd4 c3
79. Nc6+ Kd6 80. Nd4 Rc8 81. Kd3 Ke5 82. Nf3+ Kf4 83. Nd4 Ke5 84. Nf3+ Kf4 85.
Nd4 Rd8 86. Kxc3 Re8 87. Kd3 Rxe4 88. Ne2+ Ke5 89. Nc3 Rh4 90. Nb5 Rb4 91. Nc3 1/2-1/2

[Event "45th Sparkassen Open"]
[Site "Dortmund GER"]
[Date "2017.07.16"]
[Round "2.30"]
[White "Biermann, Lenhard"]
[Black "Manthei, Michael"]
[Result "0-1"]
[WhiteElo "1902"]
[BlackElo "2004"]
[WhiteFideId "12970077"]
[BlackFideId "24605824"]
[EventDate "2017.07.15"]

1. d4 g6 2. Nf3 Bg7 3. c4 h6 4. Nc3 d6 5. Bf4 e6 6. h3 Ne7 7. Qd2 Nd7 8. Rd1 a6
9. e4 b6 10. Bd3 Bb7 11. O-O Kf8 12. Be3 Kg8 13. Nh2 Kh7 14. f4 f5 15. Qc2 Rf8
16. Nf3 Rc8 17. Rd2 c6 18. g4 fxe4 19. Nxe4 Nf6 20. Nh4 Nxe4 21. Bxe4 Rf6 22.
Rdf2 d5 23. Bd3 dxc4 24. Be4 Qe8 25. g5 hxg5 26. fxg5 Rxf2 27. Rxf2 Nf5 28. Nxg6
Nxe3 29. Ne7+ Kh8 30. Qe2 Nf5 31. Bxf5 Bxd4 32. Ng6+ Kg7 33. Kf1 exf5 34. Ne7
Bxf2 35. Qe5+ Kf8 36. g6 Bd4 37. g7+ Kf7 38. Qxf5+ Kxe7 39. Qg5+ Bf6 40. Qg4
Bxg7 41. Qxg7+ Qf7+ 0-1

[Event "45th Sparkassen Open"]
[Site "Dortmund GER"]
[Date "2017.07.16"]
[Round "2.31"]
[White "Maniocha, Marek"]
[Black "Elefteriadis, Paul-Gabriel"]
[Result "1-0"]
[WhiteElo "1996"]
[BlackElo "1891"]
[WhiteFideId "4636821"]
[BlackFideId "24626236"]
[EventDate "2017.07.15"]

1. d4 d5 2. c4 Nc6 3. e3 dxc4 4. Bxc4 e5 5. d5 Nce7 6. Nc3 Ng6 7. e4 Bd6 8. Nf3
Nf6 9. Bg5 O-O 10. h4 Bg4 11. Qd2 Bxf3 12. gxf3 Nf4 13. O-O-O h6 14. Bxf4 exf4
15. Ne2 Nh5 16. Nd4 Be5 17. Rdg1 Qf6 18. Ne2 b5 19. Bd3 c6 20. dxc6 Qxc6+ 21.
Kb1 Rfd8 22. Rc1 Qd7 23. Rhd1 Rac8 24. Rxc8 Rxc8 25. Qb4 a6 26. Bc2 Qe6 27. Bb3
Qc6 28. Rc1 Qb7 29. Rxc8+ Qxc8 30. Qe7 Qh3 31. Qxf7+ Kh7 32. Qg8+ Kg6 33. Qe8+ 1-0

[Event "45th Sparkassen Open"]
[Site "Dortmund GER"]
[Date "2017.07.16"]
[Round "2.32"]
[White "Garbuz, Vitaliy"]
[Black "Bork, Sophie"]
[Result "0-1"]
[WhiteElo "1989"]
[BlackElo "1858"]
[WhiteFideId "12990710"]
[BlackFideId "12905429"]
[EventDate "2017.07.15"]

1. d4 d5 2. Bf4 c5 3. e3 Nc6 4. c3 Bf5 5. Nd2 e6 6. Qb3 Qb6 7. Qxb6 axb6 8. Bc7
c4 9. e4 Bg6 10. Bxb6 Kd7 11. a4 Nge7 12. b4 cxb3 13. Nxb3 dxe4 14. c4 Nc8 15.
Bc5 Bxc5 16. Nxc5+ Kc7 17. d5 b6 18. Nxe6+ fxe6 19. dxc6 Nd6 20. Ne2 e5 21. Nc3
Kxc6 22. O-O-O Rhf8 23. Rd2 Rf7 24. f3 exf3 25. gxf3 Bh5 26. f4 Bf3 27. Rg1 e4
28. Bh3 Re8 29. Nb5 Nxb5 30. cxb5+ Kc7 31. Re1 Ra8 32. Rc2+ Kd8 33. Rd2+ Ke8 34.
Rd4 Rxf4 35. Bd7+ Ke7 36. Bc6 Rc8 37. Kb1 Rd8 38. Rc4 Rd1+ 39. Rxd1 Bxd1 40.
Bxe4 Be2 41. Rc7+ Kd8 42. Rxg7 Rxe4 43. Kc2 h5 44. a5 bxa5 45. b6 Kc8 46. Kd2
Bg4 47. Kd3 Rb4 48. Rg5 a4 49. h3 Rb3+ 50. Kc4 Be2+ 0-1

[Event "45th Sparkassen Open"]
[Site "Dortmund GER"]
[Date "2017.07.16"]
[Round "2.33"]
[White "Nasoyan, Maksim"]
[Black "Finke, Dominik"]
[Result "0-1"]
[WhiteElo "1860"]
[BlackElo "1987"]
[WhiteFideId "16220331"]
[BlackFideId "16202511"]
[EventDate "2017.07.15"]

1. Nf3 Nf6 2. g3 d5 3. Bg2 e6 4. d3 c5 5. O-O Nc6 6. Nbd2 Be7 7. e4 O-O 8. Re1
b5 9. e5 Nd7 10. Nf1 Qc7 11. Bf4 Bb7 12. h4 Rfe8 13. Ne3 Qb6 14. h5 f5 15. h6 g6
16. g4 d4 17. Nf1 Nb4 18. gxf5 exf5 19. e6 Nf8 20. Qe2 Bf6 21. Ng5 Bxg2 22. e7
Bd5 23. exf8=Q+ Rxf8 24. a3 Nc6 25. Ne6 Rfe8 26. Bc7 Qb7 27. Nd8 Raxd8 28. Bxd8
Rxe2 29. Bxf6 Rxe1 30. Rxe1 Kf7 31. Bg7 Nd8 32. Nd2 Bh1 0-1